| 000 | 00519nam a2200181Ia 4500 | ||
|---|---|---|---|
| 008 | 190425s9999 xx 000 0 und d | ||
| 100 | _aDumlao, Artemio | ||
| 245 | _aVegetables rot in Benguet due to oversupply/ | ||
| 245 | _cArtemio Dumlao, Luoise Maureen Simeon | ||
| 260 | _bThe Philippine Star | ||
| 260 | _c2019 | ||
| 300 | _aPage 13, January 11 | ||
| 440 |
_aThe Philippine Star _v33: 168 |
||
| 650 | _aagriculture | ||
| 650 | _aLa Trinidad -- Benguet | ||
| 650 | _aoversupply | ||
| 650 | _avegetable rot | ||
| 999 |
_c361614 _d361614 |
||